000 02495cam a22005054i 4500
003 PE-LiUPU
005 20250731173303.0
008 150625s2003 bw a rb 000 0 spa d
020 _a0311030602
035 _a(Sirsi) i9780311030606
040 _aPE-LiUPU
_bspa
_cPE-LiUPU
_erda
049 _aPRUA
082 0 4 _a225.7
_bK34C
_221
100 1 _aKeener, Craig S.,
_eautor.
245 1 0 _aComentario del contexto cultural de la Biblia Nuevo Testamento :
_bUna herramienta indispensable para la mejor comprensión del Nuevo Testamento /
_cCraig S. Keener.
250 _a3a edicón.
264 1 _aBielorrusia :
_bMundo Hispano,
_c2003.
300 _a832 páginas :
_bilustraciones, mapas, tablas ;
_c23 centímetros
336 _atext
_2rdacontent
337 _aunmediated
_2rdamedia
338 _avolume
_2rdacarrier
504 _aIncluye referencias bibliográficas.
505 0 _aLos evangelios: Mateo -- Marcos -- Lucas -- Juan -- Hechos -- Cartas del Nuevo Testamento -- Romanos -- 1 Corintios -- 2 Corintios -- Gálatas. -Efesios. -Filipenses. -Colosenses. -1 Tesalonicenses. -2 Tesalonicenses. -1 Timoteo -- 2 Timoteo -- Tito -- Filemón -- Hebreos -- Santiago -- 1 Pedro -- 2 Pedro -- 1 Juan -- 2 Juan -- 3 Juan -- Judas -- Apocalipsis.
526 _aSEG42
526 _aSEG41
526 _aSEG40
526 _aSEG39
526 _aP94
526 _aP87
526 _aP86
526 _aP85
526 _aP77
526 _aP76
526 _aP35
541 _g101-011821;
541 _g001-0014465;
630 _aBiblia.
_pN.T.
_xComentarios.
942 _2ddc
_cBOOK
949 _a225.7 K34C
_wDEWEY
_c1
_i57350
_d2016-11-7
_e2016-11-4
_lCCODEBUL1
_mBUL
_n12
_p112.00
_r0
_sY
_tBOOK
_u2015-6-25
_xTEOLOGIA
_zUNKNOWN
_0COMPRA
_o.STAFF. Colección Teología
949 _a225.7 K34C
_wDEWEY
_c2
_i55541
_d2016-11-13
_e2016-11-11
_lCCODEBUL1
_mBUL
_n13
_r0
_sY
_tBOOK
_u2015-6-25
_xTEOLOGIA
_zUNKNOWN
_0COMPRA
_o.STAFF. Colección Teología
994 _aC0
_bPEPRU
596 _a1
999 _a225.7 K34C
_wDEWEY
_c44419
_i57350
_d44419
_e2018-3-1
_f2021-11-9
_g5
_lCCODEBUL1
_mBUL
_n14
_p112.00
_q14
_r0
_sY
_tBOOK
_u2015-6-25
_xTEOLOGIA
_zUNKNOWN
_0COMPRA
_o.STAFF. Colección General
999 _a225.7 K34C
_wDEWEY
_c2
_i55541
_d2019-6-27
_e2019-1-24
_f2021-11-9
_g5
_lCCODEBUL1
_mBUL
_n20
_p20.00
_q20
_r0
_sY
_tBOOK
_u2015-6-25
_xTEOLOGIA
_PP35
_0COMPRA
_o.STAFF. Colección Teología
980 _81
_gALBERTO SANCHEZ Responsable de Automatización